[Event "Decin op-A"]
[Site "Decin"]
[Date "1998.??.??"]
[Round "2"]
[White "Al Khateeb, Ahmed Thabit"]
[Black "Kansky, Pavel"]
[Result "1-0"]
[WhiteElo "2275"]
[BlackElo "2115"]
[PlyCount "75"]
[EventDate "1998.08.??"]
[EventType "swiss"]
[EventRounds "10"]
[EventCountry "CZE"]
[SourceTitle "EXT 2000"]
[Source "ChessBase"]
[SourceDate "1999.11.16"]
[SourceVersion "1"]
[SourceVersionDate "1999.11.16"]
[SourceQuality "1"]

1. e4 g6 2. d4 Bg7 3. c4 d6 4. Nc3 Nf6 5. Be2 0-0 6. Nf3 e5 7. 0-0 Nc6 8. d5 Ne7 9. b4 Nh5 10. Re1 f5 11. Ng5 Nf6 12. f3 a5 13. Ba3 axb4 14. Bxb4 c5 15. dxc6 Qb6+ 16. Kh1 Qxb4 17. cxb7 Qxb7 18. Nb5 Rd8 19. Nxd6 Qc7 20. c5 h6 21. Qb3+ Ned5 22. Nxc8 Qxc8 23. exd5 hxg5 24. d6+ Kh7 25. Rac1 e4 26. Red1 Rb8 27. Bb5 exf3 28. gxf3 Bf8 29. Qf7+ Bg7 30. a4 f4 31. d7 Qc7 32. c6 g4 33. Bd3 gxf3 34. Qxg6+ Kh8 35. Rg1 Rxd7 36. cxd7 Qxd7 37. Bb5 Rxb5 38. Rc8+ 1-0

[Event "Olympiad-32"]
[Site "Yerevan"]
[Date "1996.09.30"]
[Round "13.4"]
[White "Wastney, Scott C"]
[Black "Al Khateeb, Ahmed Thabit"]
[Result "0-1"]
[WhiteElo "2100"]
[BlackElo "2320"]
[PlyCount "80"]
[EventDate "1996.09.15"]
[EventType "team-swiss"]
[EventRounds "14"]
[EventCountry "ARM"]
[SourceTitle "CBM 055"]
[Source "ChessBase"]
[SourceDate "1996.12.01"]
[SourceVersion "1"]
[SourceVersionDate "1996.12.01"]
[SourceQuality "1"]
[WhiteTeam "New Zealand"]
[BlackTeam "Syria"]
[WhiteTeamCountry "NZL"]
[BlackTeamCountry "SYR"]

1. d4 Nf6 2. Nf3 g6 3. c4 Bg7 4. Nc3 0-0 5. g3 d6 6. Bg2 Nc6 7. 0-0 a6 8. h3 Rb8 9. a4 e5 10. Be3 Bf5 11. dxe5 dxe5 12. b4 e4 13. Nd4 Nxd4 14. Bxd4 Re8 15. Ra2 h5 16. Rd2 Qe7 17. Bc5 Qe6 18. Nd5 Nxd5 19. cxd5 Qc8 20. Kh2 Be5 21. f4 exf3 22. exf3 b6 23. Bd4 Bd6 24. Qb3 h4 25. f4 hxg3+ 26. Qxg3 Qd8 27. Rb2 f6 28. Qc3 Kf7 29. Kg1 Rh8 30. Re2 Rh4 31. Ref2 Qh8 32. Rf3 Re8 33. Re1 Rxe1+ 34. Qxe1 Rxf4 35. Rxf4 Bxf4 36. d6 Bxd6 37. Bd5+ Kg7 38. Qc3 Qh4 39. Bf2 Qxh3 40. Qxh3 Bxh3 0-1

[Event "Olympiad-32"]
[Site "Yerevan"]
[Date "1996.09.20"]
[Round "5.4"]
[White "Arias Bouzada, Jorge"]
[Black "Al Khateeb, Ahmed Thabit"]
[Result "0-1"]
[WhiteElo "2030"]
[BlackElo "2320"]
[PlyCount "160"]
[EventDate "1996.09.15"]
[EventType "team-swiss"]
[EventRounds "14"]
[EventCountry "ARM"]
[SourceTitle "CBM 055"]
[Source "ChessBase"]
[SourceDate "1996.12.01"]
[SourceVersion "1"]
[SourceVersionDate "1996.12.01"]
[SourceQuality "1"]
[WhiteTeam "Uruguay"]
[BlackTeam "Syria"]
[WhiteTeamCountry "URU"]
[BlackTeamCountry "SYR"]

1. e4 c5 2. Nf3 e6 3. d4 cxd4 4. Nxd4 Nc6 5. Nc3 Qc7 6. Be2 a6 7. Be3 Nf6 8. 0-0 Bb4 9. Nxc6 Qxc6 10. Bf3 Bxc3 11. bxc3 Qxc3 12. Qd6 Qc6 13. e5 Nd5 14. Bxd5 exd5 15. Bb6 h5 16. Bc5 Qxd6 17. exd6 b5 18. Rfe1+ Kf8 19. Re7 Rh6 20. Rae1 Kg8 21. R1e5 Re6 22. Rxd5 Bb7 23. Rxh5 Rc8 24. f3 g6 25. Rxe6 fxe6 26. Rg5 Kf7 27. c3 Bd5 28. Bb4 Bxa2 29. Kf2 Kf6 30. f4 Rc6 31. h4 Bc4 32. Rc5 Rxc5 33. Bxc5 Kf5 34. g3 Ke4 35. Bb4 Bb3 36. Ba5 Bd1 37. Bb4 Bg4 38. Ba5 Kd3 39. Bb4 Kc2 40. Ke3 Kd1 41. Kf2 Kc2 42. Ke3 Kb3 43. Kd2 Bf5 44. Kc1 Be4 45. Ba5 Ka4 46. Bb4 a5 47. Bc5 Kb3 48. Bd4 a4 49. g4 Bf3 50. Kb1 Bxg4 51. Bf6 Bf5+ 52. Ka1 Bd3 53. Be5 Kc4 54. Bf6 Kb3 55. Be5 Bc4 56. Bf6 Kc2 57. Bg7 Bd5 58. Bh8 Kd3 59. Bf6 Ke4 60. Bg5 a3 61. Kb1 Bb3 62. Ka1 Kd5 63. Be7 Kc5 64. Kb1 Bd5 65. Ka1 Kc4 66. Bf6 Kd3 67. Bg7 Ke3 68. Bh6 Kf3 69. Bg5 Bb3 70. Kb1 Ke4 71. Ka1 Kd5 72. Be7 Kc5 73. Kb1 e5 74. fxe5 Be6 75. Bg5 Kc4 76. Bd2 Kb3 77. Ka1 Kc2 78. Be1 Bc4 79. e6 Bxe6 80. c4 Bxc4 0-1

[Event "Olympiad-32"]
[Site "Yerevan"]
[Date "1996.09.18"]
[Round "3.4"]
[White "Al Khateeb, Ahmed Thabit"]
[Black "Elsness, Frode"]
[Result "1/2-1/2"]
[WhiteElo "2320"]
[BlackElo "2350"]
[PlyCount "115"]
[EventDate "1996.09.15"]
[EventType "team-swiss"]
[EventRounds "14"]
[EventCountry "ARM"]
[SourceTitle "CBM 055"]
[Source "ChessBase"]
[SourceDate "1996.12.01"]
[SourceVersion "1"]
[SourceVersionDate "1996.12.01"]
[SourceQuality "1"]
[WhiteTeam "Syria"]
[BlackTeam "Norway"]
[WhiteTeamCountry "SYR"]
[BlackTeamCountry "NOR"]

1. d4 Nf6 2. c4 g6 3. Nc3 d5 4. Nf3 Bg7 5. Qb3 dxc4 6. Qxc4 0-0 7. Bf4 Be6 8. Qxc7 Nc6 9. Qxd8 Rfxd8 10. e3 Nb4 11. Kd2 Nfd5 12. Be5 f6 13. Bg3 Bf7 14. Bc4 e5 15. Nxd5 Bxd5 16. Rhc1 Nc6 17. Ke2 exd4 18. Nxd4 Nxd4+ 19. exd4 Bxc4+ 20. Rxc4 b5 21. Rc5 Rxd4 22. Rxb5 f5 23. Bb8 a6 24. Rb7 Rd8 25. Bf4 Re8+ 26. Kf1 Re4 27. g3 Rae8 28. Rd1 Re2 29. Rd2 Rxd2 30. Bxd2 Rc8 31. Ke2 Bd4 32. Kd3 Rd8 33. Kc4 Bxf2 34. Bc3 Rc8+ 35. Kb3 Rc6 36. Rg7+ Kf8 37. Rxh7 g5 38. Rh5 Be3 39. Kc2 Kf7 40. Kd3 Kg6 41. Rh8 f4 42. Ke4 Re6+ 43. Kf3 Bc1 44. Kg4 Re2 45. Rg8+ Kh7 46. Rb8 Kg6 47. Rb6+ Kf7 48. Rxa6 Rxh2 49. gxf4 gxf4 50. Rf6+ Ke7 51. a4 Bxb2 52. Bxb2 Rxb2 53. Rxf4 Kd6 54. Kf5 Kc5 55. Ke6 Rb4 56. Rf5+ Kb6 57. a5+ Ka6 58. Kd6 1/2-1/2

[Event "Doha"]
[Site "Doha"]
[Date "1993.??.??"]
[Round "6"]
[White "Al Khateeb, Ahmed Thabit"]
[Black "Guseinov, Aidyn"]
[Result "0-1"]
[WhiteElo "2300"]
[BlackElo "2395"]
[PlyCount "80"]
[EventDate "1993.08.??"]
[EventType "tourn"]
[EventRounds "11"]
[EventCountry "QAT"]
[EventCategory "8"]
[SourceTitle "EXT 1997"]
[Source "ChessBase"]
[SourceDate "1996.11.15"]
[SourceVersion "1"]
[SourceVersionDate "1996.11.15"]
[SourceQuality "1"]

1. d4 Nf6 2. c4 e6 3. Nf3 c5 4. d5 exd5 5. cxd5 d6 6. Nc3 g6 7. Nd2 Bg7 8. e4 0-0 9. Be2 a6 10. a4 Nbd7 11. 0-0 Re8 12. Re1 g5 13. Ra3 Ne5 14. Nf1 h6 15. Ne3 Ng6 16. Bd3 b6 17. Rb3 Qc7 18. Nc4 Rb8 19. g3 Ng4 20. Kg2 Bd4 21. Rf1 Qd7 22. Ne2 Nxh2 23. Kxh2 Qh3+ 24. Kg1 Bg4 25. Bc2 b5 26. axb5 axb5 27. Nd2 Ne5 28. Nxd4 Bxd1 29. g4 Qxg4+ 30. Rg3 cxd4 31. Bxd1 Qc8 32. Nb3 Ng6 33. f4 Rxe4 34. fxg5 h5 35. Bxh5 Qe8 36. Bf3 Qe5 37. Kg2 Re1 38. Rf2 Re3 39. Na5 Nf4+ 40. Kh2 Nh5 0-1

[Event "Doha"]
[Site "Doha"]
[Date "1993.??.??"]
[Round "10"]
[White "Sakaev, Konstantin"]
[Black "Al Khateeb, Ahmed Thabit"]
[Result "1-0"]
[WhiteElo "2540"]
[BlackElo "2300"]
[PlyCount "65"]
[EventDate "1993.08.??"]
[EventType "tourn"]
[EventRounds "11"]
[EventCountry "QAT"]
[EventCategory "8"]
[SourceTitle "EXT 1997"]
[Source "ChessBase"]
[SourceDate "1996.11.15"]
[SourceVersion "1"]
[SourceVersionDate "1996.11.15"]
[SourceQuality "1"]

1. d4 Nf6 2. c4 g6 3. Nc3 Bg7 4. e4 d6 5. Nf3 0-0 6. Be2 e5 7. 0-0 Nc6 8. d5 Ne7 9. Nd2 Ne8 10. b4 f5 11. c5 Kh8 12. a4 Ng8 13. Nc4 f4 14. Ba3 h5 15. b5 Nh6 16. a5 b6 17. cxd6 cxd6 18. Bb4 Rb8 19. axb6 axb6 20. Na4 Rf7 21. Rc1 Rfb7 22. Ncxb6 Rxb6 23. Ba5 Bd7 24. Rc6 Bxc6 25. dxc6 Bf6 26. Nxb6 Rxb6 27. Qd5 Qb8 28. Bxb6 Qxb6 29. Qe6 Qd8 30. b6 Ng8 31. Bc4 Ne7 32. c7 Qa8 33. Bb5 1-0

[Event "Doha op"]
[Site "Doha"]
[Date "1992.??.??"]
[Round "6"]
[White "Husari, Satea"]
[Black "Al Khateeb, Ahmed Thabit"]
[Result "1-0"]
[WhiteElo "2205"]
[BlackElo "2250"]
[PlyCount "60"]
[EventDate "1992.??.??"]
[EventType "swiss"]
[EventRounds "11"]
[EventCountry "QAT"]
[SourceTitle "EXT 1997"]
[Source "ChessBase"]
[SourceDate "1996.11.15"]
[SourceVersion "1"]
[SourceVersionDate "1996.11.15"]
[SourceQuality "1"]

1. d4 g6 2. c4 Bg7 3. Nc3 d6 4. e4 Nc6 5. Nge2 e5 6. d5 Nce7 7. Ng3 f5 8. exf5 Nxf5 9. Bd3 Nf6 10. Nge4 h6 11. 0-0 0-0 12. b4 a5 13. Nxf6+ Rxf6 14. Ne4 Rf7 15. Bd2 axb4 16. Bxb4 b6 17. a4 Nd4 18. a5 bxa5 19. Bxa5 Qh4 20. Bc3 Rxa1 21. Bxa1 Kh7 22. Bc3 Bg4 23. f3 Bf5 24. Bd2 Qe7 25. Qe1 c5 26. g4 Bd7 27. Kg2 Bf6 28. Qe3 Bg7 29. Ng3 Be8 30. Bxg6+ Kxg6 1-0

[Event "Doha op"]
[Site "Doha"]
[Date "1992.??.??"]
[Round "2"]
[White "Rahman, Ziaur"]
[Black "Al Khateeb, Ahmed Thabit"]
[Result "1-0"]
[WhiteElo "2380"]
[BlackElo "2250"]
[PlyCount "127"]
[EventDate "1992.??.??"]
[EventType "swiss"]
[EventRounds "11"]
[EventCountry "QAT"]
[SourceTitle "EXT 1997"]
[Source "ChessBase"]
[SourceDate "1996.11.15"]
[SourceVersion "1"]
[SourceVersionDate "1996.11.15"]
[SourceQuality "1"]

1. c4 Nf6 2. Nc3 g6 3. d4 Bg7 4. e4 d6 5. Nf3 0-0 6. Be2 e5 7. 0-0 Nc6 8. d5 Ne7 9. b4 Nh5 10. g3 f5 11. Ng5 Nf6 12. f3 c6 13. Be3 f4 14. Bf2 Ne8 15. Qb3 Nf5 16. exf5 Qxg5 17. fxg6 Qxg6 18. Rad1 Bf5 19. dxc6 bxc6 20. b5 Bc2 21. Qa3 fxg3 22. hxg3 Bxd1 23. Rxd1 c5 24. Ne4 Rf7 25. Kg2 Bf8 26. Bd3 Qg7 27. Bc2 Rb8 28. Qc1 Be7 29. Be3 Qf8 30. Bh6 Ng7 31. Rh1 d5 32. cxd5 Rxb5 33. d6 Bd8 34. Nc3 Rb4 35. Bxh7+ Kh8 36. Ne4 Rxe4 37. Bxg7+ Kxg7 38. Qh6+ Kh8 39. Bxe4+ Qxh6 40. Rxh6+ Kg7 41. Rg6+ Kh8 42. Re6 Kg7 43. Rxe5 Bb6 44. Bd3 Kf6 45. Rd5 Ke6 46. Bc4 Rd7 47. Rxc5+ Kxd6 48. Rd5+ Ke7 49. Rxd7+ Kxd7 50. f4 Ke7 51. Kf3 Kf6 52. g4 Kg6 53. Bb5 a5 54. Be8+ Kf6 55. g5+ Ke7 56. Ba4 Bd4 57. Ke4 Bc3 58. f5 Kf7 59. Kf4 Bd2+ 60. Kg4 Bc1 61. Bb3+ Kg7 62. f6+ Kg6 63. Bc2+ Kf7 64. Kf5 1-0

[Event "Olympiad-27"]
[Site "Dubai"]
[Date "1986.11.27"]
[Round "11"]
[White "Upton, Timothy J"]
[Black "Al Khateeb, Ahmed Thabit"]
[Result "1/2-1/2"]
[WhiteElo "2295"]
[BlackElo "2265"]
[PlyCount "67"]
[EventDate "1986.11.15"]
[EventType "team-swiss"]
[EventRounds "14"]
[EventCountry "UAE"]
[SourceTitle "TD"]
[Source "ChessBase"]
[SourceDate "1994.03.01"]
[SourceVersion "1"]
[SourceVersionDate "1994.03.01"]
[SourceQuality "1"]
[WhiteTeam "Scotland"]
[BlackTeam "Syria"]
[WhiteTeamCountry "SCO"]
[BlackTeamCountry "SYR"]

1. e4 c5 2. Nf3 e6 3. d4 cxd4 4. Nxd4 Nf6 5. Nc3 d6 6. Be2 Be7 7. 0-0 Nc6 8. f4 0-0 9. Be3 a6 10. Qe1 Nxd4 11. Bxd4 b5 12. Rd1 Bb7 13. Bf3 Qc7 14. e5 dxe5 15. fxe5 Nd7 16. Bxb7 Qxb7 17. Ne4 Qc7 18. Qg3 f6 19. Qb3 Nxe5 20. Qxe6+ Kh8 21. c3 Rfe8 22. Qf5 Bf8 23. Rde1 Qc8 24. Qh5 Qg4 25. Qxg4 Nxg4 26. Ng3 Bd6 27. Bf2 Kg8 28. h3 Nxf2 29. Kxf2 Bc5+ 30. Kf3 Rxe1 31. Rxe1 Rd8 32. Ne4 Bf8 33. Re2 Kf7 34. Rd2 1/2-1/2

[Event "Olympiad-27"]
[Site "Dubai"]
[Date "1986.11.17"]
[Round "3"]
[White "Al Khateeb, Ahmed Thabit"]
[Black "Guimaraes, Jorge"]
[Result "1/2-1/2"]
[WhiteElo "2265"]
[BlackElo "2285"]
[PlyCount "147"]
[EventDate "1986.11.15"]
[EventType "team-swiss"]
[EventRounds "14"]
[EventCountry "UAE"]
[SourceTitle "TD"]
[Source "ChessBase"]
[SourceDate "1994.03.01"]
[SourceVersion "1"]
[SourceVersionDate "1994.03.01"]
[SourceQuality "1"]
[WhiteTeam "Syria"]
[BlackTeam "Portugal"]
[WhiteTeamCountry "SYR"]
[BlackTeamCountry "POR"]

1. d4 Nf6 2. Nf3 e6 3. c4 b6 4. a3 Bb7 5. Nc3 Be7 6. d5 0-0 7. g3 Re8 8. Bg2 Bf8 9. 0-0 d6 10. Bg5 e5 11. e4 Be7 12. b4 Nbd7 13. Be3 c6 14. Nh4 g6 15. Rc1 Nh5 16. Nf5 Nf8 17. dxc6 Bxc6 18. Nxe7+ Qxe7 19. Nd5 Bxd5 20. cxd5 Qd7 21. Rc6 Rac8 22. Qc2 Rxc6 23. Qxc6 Rc8 24. Qxd7 Nxd7 25. Bh3 Rc7 26. Rc1 Rxc1+ 27. Bxc1 Nhf6 28. f3 Kf8 29. Kf2 Ke8 30. Bg5 Ng8 31. Ke2 f6 32. Be3 Ne7 33. Kd3 Kd8 34. Bh6 Ke8 35. Kc4 a6 36. a4 f5 37. Bg5 fxe4 38. fxe4 Ng8 39. Bf1 Ngf6 40. Bd3 Kf7 41. Be3 Ne8 42. Bg5 Ndf6 43. Kc3 Nc7 44. Be3 b5 45. Kb3 Nd7 46. Bf1 Ke7 47. Bg5+ Nf6 48. Bd3 Kf7 49. Be3 Nd7 50. Be2 Ke7 51. h4 Kf7 52. axb5 axb5 53. Kc2 Kg7 54. Kd2 h6 55. Ke1 Nf6 56. Bd3 Nfe8 57. Ke2 Nf6 58. Bb6 Nfe8 59. Kf3 Kf7 60. Be3 Kg7 61. Bf1 Nf6 62. Bb6 Nfe8 63. Bh3 Kf7 64. Bg4 Kf6 65. Be3 Kg7 66. h5 g5 67. Bf5 Nf6 68. Bb6 Nfe8 69. Bg6 Kf6 70. Kg4 Ke7 71. Be3 Kf6 72. Bf5 Ng7 73. Bb6 Nxf5 74. exf5 1/2-1/2